Sports Quiz

Random Sports Quiz

1997 PWI 250 Quiz Stats

 Plays Quiz not verified by Sporcle

Also try: 1996 PWI 250
Challenge
Share
Tweet
Embed
Score 0/250 Timer 15:00
0 Plays Today
# Wrestler % Correct
#20Bret 'Hitman' Hart
98.9%
#3'Stone Cold' Steve Austin
98.9%
#25Scott Hall
98.9%
#16Owen Hart
98.9%
#13Kevin Nash
97.8%
#10'The Crippler' Chris Benoit
97.8%
#55Hollywood Hulk Hogan
96.7%
#45Faarooq (Ron Simmons)
95.6%
#24Eddy Guerrero
95.6%
#103Rocky Maivia (The Rock)
95.6%
#18'The Heartbreak Kid' Shawn Michaels
94.5%
#22'The British Bulldog' Davey Boy Smith
94.5%
#173Blackjack Bradshaw (JBL)
94.5%
#31Hunter Hearst Helmsley (Triple H)
94.5%
#139Chavo Guerrero, Jr.
94.5%
#41Goldust (Dustin Rhodes)
93.4%
#148Rockabilly (Billy Gunn)
93.4%
#21Syxx (X-Pac)
92.3%
#4Diamond Dallas Page
92.3%
#1'The Iceman' Dean Malenko
92.1%
#35'Nature Boy' Ric Flair
91.2%
#5'The Total Package' Lex Luger
91.2%
#60Terry Funk
91.2%
#39Raven
91.2%
#26'Lionheart' Chris Jericho
91.2%
#30Scott Steiner
90.1%
#6The Undertaker
90.1%
#27Rick Steiner
90.1%
#129Bart Gunn
90.1%
#175Fake Diesel (Kane, Isaac Yankem DDS)
90.1%
#137Crush
90.1%
#49Jerry 'the King' Lawler
89%
#59Brian Christopher (Grand Master Sexay)
89%
#51Mankind (Mick Foley, Cactus Jack)
87.9%
#17'Double J' Jeff Jarrett
87.9%
#32Rob Van Dam
87.9%
#123Salvatore Sincere (Tom Brandi)
87.9%
#46Big Van Vader
86.8%
#19'Macho Man' Randy Savage
86.8%
#166Rocco Rock
86.8%
#8The Giant (The Big Show)
86.8%
#34Sabu
85.7%
#112Road Warrior Hawk
85.7%
#29Rey Misterio, Jr.
85.7%
#53Ahmed Johnson
85.7%
#38Ken Shamrock
85.7%
#11'The Human Suplex Machine' Taz
84.6%
#156Kama Mustafa (The Godfather, Papa Shango)
84.6%
#122Perry Saturn
84.6%
#135Road Warrior Animal
84.6%
#159Jim 'the Anvil' Neidhart
83.5%
#9Jushin Thunder Liger
82.4%
#126Bam Bam Bigelow
82.4%
#84Booker T
82.4%
#144D'Lo Brown
82.4%
#54'Rowdy' Roddy Piper
82.4%
#50Sycho Sid (Sid Vicious)
81.3%
#198Dory Funk, Jr.
81.3%
#153Jesse James (Road Dogg)
81.3%
#40Juventud Guerrera
81.3%
#147Blackjack Windham (Barry Windham)
81.3%
#161Scott Taylor (Scotty 2 Hotty)
81.3%
#37Keiji Mutoh
80.2%
#69The Sandman
80.2%
#106'The Loose Cannon' Brian Pillman
80.2%
#80Steven Regal
78%
#48Tommy Dreamer
78%
#2Mitsuharu Misawa
76.9%
#71Chris Candido
75.8%
#95Meng (Haku)
75.8%
#143Phineas I. Godwinn (Mideon)
75.8%
#121Buh Buh Ray Dudley
75.8%
#177D-Von Dudley
75.8%
#115'Prime Time' Brian Lee
74.7%
#188Big Bubba Rogers (The Big Boss Man)
74.7%
#28Masahiro Chono
74.7%
#93Stevie Ray
73.6%
#100Konnan
72.5%
#66Stevie Richards
72.5%
#15Kenta Kobashi
71.4%
#42'The Franchise' Shane Douglas
70.3%
#89Marcus Alexander Bagwell (Buff Bagwell)
70.3%
#131Henry O. Godwinn
70.3%
#132Lance Storm
70.3%
# Wrestler % Correct
#221Marc Mero (Johnny B. Badd)
69.2%
#140Leif Cassidy (Al Snow)
68.1%
#64Savio Vega
67%
#134Bob Holly
67%
#192Fuerza Guerrera
67%
#12Ultimo Dragon
65.9%
#154Marty Jannetty
65.9%
#130The Barbarian
65.9%
#160PJ Walker (Justin Credible)
65.9%
#120Devon Storm (Crowbar)
65.9%
#179David Taylor
65.9%
#178Jake 'the Snake' Roberts
65.9%
#210Michael Wallstreet (Irwin R. Schyster)
62.6%
#215'Beautiful' Bobby Eaton
61.5%
#204Tommy Rich
61.5%
#104Headbanger Mosh
61.5%
#174Mortis (Kanyon)
61.5%
#57'Dr. Death' Steve Williams
60.4%
#128Wrath (Adam Bomb, Bryan Clark)
60.4%
#116Johnny Smith
60.4%
#52Psicosis
60.4%
#110Headbanger Thrasher
60.4%
#202Billy Kidman
60.4%
#56The Steele (Val Venis)
59.3%
#197Antonio Inoki
58.2%
#127'Das Wunderkind' Alex Wright
58.2%
#155Hugh Morrus
58.2%
#230Taka Michinoku
58.2%
#133Flash Funk (2 Cold Scorpio)
57.1%
#62Stan Hansen
57.1%
#194Masato Tanaka
57.1%
#63Scott Norton
56%
#151Brian Knobbs
56%
#158Jerry Sags
54.9%
#157Johnny Grunge
54.9%
#14Toshiaki Kawada
54.9%
#102Kevin Sullivan
53.8%
#149Ricky Morton
53.8%
#61La Parka
53.8%
#150Scotty Riggs
53.8%
#200Tito Santana
51.6%
#213Balls Mahoney
51.6%
#101New Jack
50.5%
#168Axl Rotten
50.5%
#99The Patriot (Del Wilkes)
49.5%
#209Vincent (Virgil)
49.5%
#68Genichiro Tenryu
47.3%
#138Doug Furnas
47.3%
#142Phil LaFon (Dan Kroffat)
47.3%
#23The Great Sasuke
46.2%
#201Mikey Whipwreck
46.2%
#96Hiroyoshi Tenzan
46.2%
#73'The Eliminator' John Kronus
46.2%
#181Ian Rotten
46.2%
#184Jacques Rougeau
45.1%
#36Kensuke Sasaki
44%
#234The Blue Meanie
44%
#65El Hijo del Santo
42.9%
#44Volk Han
42.9%
#207Giant Baba
41.8%
#82'The Beast' Dan Severn
41.8%
#244Super Nova (Simon Dean)
41.8%
#7Shinya Hashimoto
40.7%
#199Jinsei Shinzaki (Hakushi)
40.7%
#114Tracy Smothers
39.6%
#162Pitbull #1 (Gary Wolfe)
39.6%
#113Disco Inferno
39.6%
#223Chris Chavis (Tatanka)
38.5%
#81Tatsumi Fujinami
38.5%
#146Glacier
38.5%
#169Miguel Pérez, Jr.
37.4%
#172Dick Togo
37.4%
#232Little Guido (Nunzio)
37.4%
#124'Dangerous' Doug Gilbert
35.2%
#88Koji Kanemoto
35.2%
#76Pitbull #2
35.2%
#193Carl Oulette (Pierre, Jean-Pierre Lafitte)
35.2%
#79Jun Akiyama
33%
#208Mike Enos (Blake Beverly)
33%
#58Riki Choshu
31.9%
#67Perro Aguayo, Sr.
31.9%
#250Perro Aguayo, Jr.
31.9%
#195King Kong Bundy
30.8%
#164Yuji Nagata
30.8%
# Wrestler % Correct
#97Abdullah the Butcher
29.7%
#33Akira Taue
29.7%
#107JC Ice
29.7%
#119Prince Iaukea
29.7%
#217TL Hopper (Tony Anthony, Dirty White Boy)
28.6%
#47Negro Casas
28.6%
#118Wolfie D (Slash)
27.5%
#240Ice Train (M.I. Smooth)
27.5%
#171Octagón
26.4%
#94Héctor Garza
25.3%
#111Satoshi Kojima
25.3%
#43Nobuhiko Takada
24.2%
#212Carlos Colón
24.2%
#214Jim Powers
24.2%
#77Johnny Ace (John Laurinaitis)
23.1%
#242Bill Dundee
23.1%
#78Súper Caló
23.1%
#86Dr. Wagner, Jr.
23.1%
#91Shinjiro Otani
23.1%
#109Cibernético
22%
#196Hayabusa
22%
#228Ciclope (Halloween)
22%
#239Rage (Robbie Rage)
22%
#246Chaos (Kenny Kaos)
22%
#183Scott Putski
20.9%
#211Bunkhouse Buck (Jimmy Golden)
20.9%
#85Atlantis
20.9%
#90Silver King
20.9%
#141Lizmark, Jr.
19.8%
#185Mustafa Saed
19.8%
#87El Canek
18.7%
#216Vic Steamboat
17.6%
#165Louie Spicolli
17.6%
#189W*ING Kanemura
17.6%
#98Latin Lover
16.5%
#145Villano IV
16.5%
#226Shiryu (Kaz Hayashi)
16.5%
#83El Samurai
15.4%
#176Lance Diamond (Simon Diamond)
15.4%
#167El Dandy
15.4%
#222Mens Teio (Terry Boy)
15.4%
#225Villano V
15.4%
#237Tony Atlas
14.3%
#136Pierroth, Jr.
13.2%
#75Gary Albright
12.1%
#187'Dirty' Dutch Mantell (Zeb Colter)
12.1%
#220Damien (Damián 666)
11%
#190Flash Flanagan
9.9%
#231'Nature Boy' Buddy Landel
9.9%
#191Blue Panther
7.7%
#186Takayuki Iizuka (Takashi Iizuka)
6.6%
#243Ray Odyssey
6.6%
#224Tommy Cairo
5.5%
#125Ace Darling
5.5%
#235Eddie Golden
5.5%
#70Felino
5.5%
#152Reckless Youth
5.5%
#180Super Delfin
5.5%
#245Joe E. Legend
5.5%
#205Gran Hamada
4.4%
#163Heavy Metal
4.4%
#74El Satánico
3.3%
#218Billy Travis
3.3%
#219Tatsuhito Takaiwa
2.2%
#236Scott D'Amore
1.1%
#105Junji Hirata (Super Strong Machine)
1.1%
#203Mike Samples (Leatherface)
1.1%
#206Julio Sánchez (Julio Dinero)
1.1%
#247The Colorado Kid
1.1%
#248George South
1.1%
#241The Italian Stallion (Gary Sabaugh)
0%
#229T. Rantula
0%
#108Máscara Año Dos Mil
0%
#182Glen Osbourne
0%
#170Cheetah Master
0%
#227Lord Zoltan (Ken Jugan)
0%
#72Kiyoshi Tamura
0%
#92Kazuo Yamazaki
0%
#117Rayo de Jalisco, Jr.
0%
#233'Beef Stew' Lou Marconi
0%
#238La Fiera
0%
#249The Inferno Kid
0%

You're not logged in!

Compare scores with friends on all Sporcle quizzes.
Join for Free
OR
Log In

You Might Also Like...

Show Comments

Extras

Created Nov 12, 2016SourceReportNominate
Tags:1997, PWI, wrestlers, wrestling

Top Quizzes Today


Score Distribution

Your Account Isn't Verified!

In order to create a playlist on Sporcle, you need to verify the email address you used during registration. Go to your Sporcle Settings to finish the process.

Report this User

Report this user for behavior that violates our Community Guidelines.

Details: